| 000 | 00393nam a2200157Ia 4500 | ||
|---|---|---|---|
| 008 | 221030s9999 xx 000 0 und d | ||
| 020 | _a8174468956 | ||
| 041 | _aEnglish | ||
| 100 | _aV. S. P. Rao | ||
| 245 | 0 |
_aHuman Resource Management - Text & Cases _cby V. S. P. Rao |
|
| 250 | _a3rd | ||
| 260 |
_bExcel Books _aNew Delhi _c2016 |
||
| 300 | _a839 | ||
| 650 | _aManagement | ||
| 942 | _cBK | ||
| 999 |
_c17217 _d17217 |
||